| 000 | 01043nam a22002297a 4500 | ||
|---|---|---|---|
| 999 |
_c56908 _d56908 |
||
| 003 | Ge_BSU | ||
| 005 | 20190618152753.0 | ||
| 008 | 190614b2012 ||||| |||| 00| 0 geo d | ||
| 020 | _a9789941043413 | ||
| 041 | _ageo | ||
| 080 | _a510.22(075.8) ხ-25 | ||
| 100 |
_aხარაზიშვილი, ა. _92505 |
||
| 245 |
_aსიმრავლეთა თეორიის საწყისები. ნაწ. 2 : / _cა.ხარაზიშვილი. |
||
| 264 |
_aთბილისი : _bი. ჭავჭავაძის უნ-ტის გამ-ბა, _c 2012. |
||
| 300 |
_a240 გვ .: _c20 სმ. |
||
| 500 | _aკომენტარები: გვ. 209-232. | ||
| 504 | _aბიბლიოგრაფია: გვ. 233-238. | ||
| 653 | _aსიმრავლეთა თეორია | ||
| 653 | _aმათემატიკა | ||
| 710 |
_aსაქართველოს მეცნიერებათა ეროვნული აკადემია _91136 |
||
| 942 |
_2udc _cBK |
||